[Event "IECC Swiss-534"]
[Site "IECC email"]
[Date "2009.05.11"]
[Round "?"]
[White "Schenkel, Daniel"]
[Black "David, Lajos"]
[Result "0-1"]
[WhiteElo "1449"]
[BlackElo "1396"]
[PlyCount "28"]
[EventDate "2009.??.??"]
[EventType "match (corr)"]
[SourceTitle "Corr 2013"]
[Source "ChessBase"]
[SourceDate "2012.11.12"]
[SourceVersion "1"]
[SourceVersionDate "2012.11.12"]
[SourceQuality "1"]
[WhiteTeam "France"]
[BlackTeam "Australia"]
[WhiteTeamCountry "FRA"]
[BlackTeamCountry "AUS"]

1. f4 d5 2. Nf3 g6 3. c3 Bg7 4. d3 Nf6 5. g3 0-0 6. Bg2 c6 7. a4 Nbd7 8. Qc2 a5 9. 0-0 Qb6+ 10. Kh1 Ng4 11. d4 Ndf6 12. Ne5 Bf5 13. Nd3 Ne4 14. Kg1 Bxd4+ 0-1

[Event "IECC CL5-2008.03 email"]
[Site "IECC email"]
[Date "2008.03.09"]
[Round "?"]
[White "Schenkel, Daniel"]
[Black "Perry, Matthew Richard"]
[Result "0-1"]
[WhiteElo "1564"]
[BlackElo "1488"]
[PlyCount "46"]
[EventDate "2008.??.??"]
[EventType "tourn (corr)"]
[EventRounds "4"]
[SourceTitle "Corr 2013"]
[Source "ChessBase"]
[SourceDate "2012.11.12"]
[SourceVersion "1"]
[SourceVersionDate "2012.11.12"]
[SourceQuality "1"]
[WhiteTeam "Ireland"]
[BlackTeam "Italy"]
[WhiteTeamCountry "IRL"]
[BlackTeamCountry "ITA"]

1. f4 d5 2. Nf3 Nf6 3. e3 Bg4 4. h3 Bd7 5. Ne5 Nc6 6. d3 e6 7. Nd2 Bd6 8. Ndf3 0-0 9. g4 Ne8 10. Bg2 Bxe5 11. fxe5 f6 12. exf6 Nxf6 13. 0-0 e5 14. e4 dxe4 15. dxe4 Qe7 16. Qe2 Rad8 17. Bg5 Rf7 18. c3 Be6 19. b4 a6 20. Bh4 b5 21. Ng5 Bc4 22. Qf2 Rff8 23. Rfe1 Nxg4 0-1

[Event "IECC CL5-2008.01 email"]
[Site "IECC email"]
[Date "2008.02.01"]
[Round "?"]
[White "Boyd, John Michael"]
[Black "Schenkel, Daniel"]
[Result "0-1"]
[WhiteElo "1502"]
[BlackElo "1536"]
[PlyCount "58"]
[EventDate "2008.??.??"]
[EventType "tourn (corr)"]
[EventRounds "4"]
[SourceTitle "Corr 2013"]
[Source "ChessBase"]
[SourceDate "2012.11.12"]
[SourceVersion "1"]
[SourceVersionDate "2012.11.12"]
[SourceQuality "1"]
[WhiteTeam "Ireland"]
[BlackTeam "Italy"]
[WhiteTeamCountry "IRL"]
[BlackTeamCountry "ITA"]

1. Nf3 f5 2. g3 Nf6 3. Bg2 e6 4. c4 Be7 5. 0-0 0-0 6. Nc3 d6 7. b4 e5 8. Bb2 Qe8 9. d3 Qh5 10. e3 g5 11. Nd5 Bd8 12. d4 Nxd5 13. cxd5 e4 14. g4 Qxg4 15. h3 Qh5 16. Nh2 g4 17. Qe2 Qg6 18. hxg4 fxg4 19. Qc2 Bf5 20. Rfe1 Nd7 21. Nf1 Nf6 22. Ng3 h5 23. Ne2 Nxd5 24. a3 h4 25. Nc3 Nxc3 26. Qxc3 d5 27. Kh2 g3+ 28. fxg3 hxg3+ 29. Kg1 Qh5 0-1

[Event "IECC CL5-2008.01 email"]
[Site "IECC email"]
[Date "2008.02.01"]
[Round "?"]
[White "Schenkel, Daniel"]
[Black "Rourke, William"]
[Result "1-0"]
[WhiteElo "1551"]
[BlackElo "1496"]
[PlyCount "53"]
[EventDate "2008.??.??"]
[EventType "tourn (corr)"]
[EventRounds "4"]
[SourceTitle "Corr 2013"]
[Source "ChessBase"]
[SourceDate "2012.11.12"]
[SourceVersion "1"]
[SourceVersionDate "2012.11.12"]
[SourceQuality "1"]
[WhiteTeam "Ireland"]
[BlackTeam "Italy"]
[WhiteTeamCountry "IRL"]
[BlackTeamCountry "ITA"]

1. f4 d5 2. Nf3 Nf6 3. e3 g6 4. Be2 Bg7 5. 0-0 0-0 6. d3 c5 7. Nc3 Nc6 8. Ne5 Nxe5 9. fxe5 Ne8 10. d4 c4 11. Bf3 e6 12. e4 Nc7 13. Qe1 a5 14. Bd2 Ra6 15. Qf2 Qe7 16. exd5 Qd8 17. d6 Nd5 18. Nxd5 exd5 19. Bxd5 b5 20. a4 Bd7 21. b3 cxb3 22. cxb3 b4 23. Rac1 Be6 24. Bxe6 fxe6 25. Qe2 Rxf1+ 26. Qxf1 Qf8 27. Qxa6 1-0

[Event "IECC CL4-2007.04 email"]
[Site "IECC email"]
[Date "2007.03.30"]
[Round "?"]
[White "Schenkel, Daniel"]
[Black "Bottoni, Carlo"]
[Result "0-1"]
[WhiteElo "1596"]
[BlackElo "1688"]
[PlyCount "32"]
[EventDate "2007.??.??"]
[EventType "tourn (corr)"]
[EventRounds "4"]
[SourceTitle "Corr 2008"]
[Source "ChessBase"]
[SourceDate "2008.06.24"]
[SourceVersion "1"]
[SourceVersionDate "2008.06.24"]
[SourceQuality "1"]
[WhiteTeam "US of America"]
[BlackTeam "Italy"]
[WhiteTeamCountry "USA"]
[BlackTeamCountry "ITA"]

1. f4 d5 2. Nf3 g6 3. c3 Nf6 4. d3 Qd6 5. Qc2 Bh6 6. g3 0-0 7. Bg2 Rd8 8. 0-0 Nc6 9. Nbd2 Bg7 10. e4 dxe4 11. dxe4 Qc5+ 12. Kh1 Nb4 13. Qa4 Nd3 14. Nd4 Ng4 15. h3 Qh5 16. Kg1 Ne3 0-1

[Event "IECC CL4-2007.04 email"]
[Site "IECC email"]
[Date "2007.03.30"]
[Round "?"]
[White "Vio, Mauro"]
[Black "Schenkel, Daniel"]
[Result "1-0"]
[WhiteElo "1578"]
[BlackElo "1569"]
[PlyCount "32"]
[EventDate "2007.??.??"]
[EventType "tourn (corr)"]
[EventRounds "4"]
[SourceTitle "Corr 2008"]
[Source "ChessBase"]
[SourceDate "2008.06.24"]
[SourceVersion "1"]
[SourceVersionDate "2008.06.24"]
[SourceQuality "1"]
[WhiteTeam "Italy"]
[BlackTeam "US of America"]
[WhiteTeamCountry "ITA"]
[BlackTeamCountry "USA"]

1. c4 f5 2. d4 Nf6 3. Nf3 e6 4. e3 Be7 5. Be2 0-0 6. 0-0 d6 7. Nc3 Qe8 8. d5 Ne4 9. Nxe4 fxe4 10. Nd4 e5 11. Bh5 g6 12. Nb5 gxh5 13. Nxc7 Qg6 14. Kh1 Kh8 15. Nxa8 Rg8 16. Rg1 Bg4 1-0

[Event "IECC CL4-2007.03 email"]
[Site "IECC email"]
[Date "2007.03.26"]
[Round "?"]
[White "Kasperski, Marcin"]
[Black "Schenkel, Daniel"]
[Result "1-0"]
[WhiteElo "1640"]
[BlackElo "1554"]
[PlyCount "35"]
[EventDate "2007.??.??"]
[EventType "tourn (corr)"]
[EventRounds "4"]
[SourceTitle "Corr 2008"]
[Source "ChessBase"]
[SourceDate "2008.06.24"]
[SourceVersion "1"]
[SourceVersionDate "2008.06.24"]
[SourceQuality "1"]
[WhiteTeam "Poland"]
[BlackTeam "US of America"]
[WhiteTeamCountry "POL"]
[BlackTeamCountry "USA"]

1. e4 c5 2. d4 cxd4 3. c3 dxc3 4. Nxc3 Nc6 5. Nf3 e6 6. Bc4 a6 7. 0-0 Qc7 8. Qe2 Bd6 9. Re1 f6 10. Be3 b5 11. Bb3 Nge7 12. Rac1 Qb8 13. h4 Ng6 14. Qd2 Nge5 15. Nxe5 Nxe5 16. Red1 Nf7 17. f4 0-0 18. f5 1-0

[Event "IECC CL4-2007.02 email"]
[Site "IECC email"]
[Date "2007.02.17"]
[Round "?"]
[White "Bertel, Michael"]
[Black "Schenkel, Daniel"]
[Result "1-0"]
[WhiteElo "1780"]
[BlackElo "1586"]
[PlyCount "55"]
[EventDate "2007.??.??"]
[EventType "tourn (corr)"]
[EventRounds "4"]
[SourceTitle "Corr 2008"]
[Source "ChessBase"]
[SourceDate "2008.06.24"]
[SourceVersion "1"]
[SourceVersionDate "2008.06.24"]
[SourceQuality "1"]
[WhiteTeam "US of America"]
[BlackTeam "US of America"]
[WhiteTeamCountry "USA"]
[BlackTeamCountry "USA"]

1. e4 c5 2. Nf3 Nc6 3. d4 cxd4 4. Nxd4 Qb6 5. Nb3 Nf6 6. Nc3 e6 7. Qf3 a6 8. Be2 Nb4 9. 0-0 d6 10. Bg5 Be7 11. Qg3 Bd7 12. Rad1 Nc6 13. Rxd6 Bxd6 14. Qxd6 h6 15. Be3 Qd8 16. Qg3 Kf8 17. Rd1 b6 18. Qd6+ Kg8 19. e5 Nd5 20. Nxd5 exd5 21. Qxd5 Be8 22. Qxd8 Nxd8 23. Bxb6 Ne6 24. Rd6 Bb5 25. c4 Ba4 26. Nd4 Nxd4 27. Bxd4 Bc2 28. Bf3 1-0

[Event "IECC CL4-2007.02 email"]
[Site "IECC email"]
[Date "2007.02.17"]
[Round "?"]
[White "Schenkel, Daniel"]
[Black "Boyd, John Michael"]
[Result "1-0"]
[WhiteElo "1600"]
[BlackElo "1640"]
[PlyCount "61"]
[EventDate "2007.??.??"]
[EventType "tourn (corr)"]
[EventRounds "4"]
[SourceTitle "Corr 2008"]
[Source "ChessBase"]
[SourceDate "2008.06.24"]
[SourceVersion "1"]
[SourceVersionDate "2008.06.24"]
[SourceQuality "1"]
[WhiteTeam "US of America"]
[BlackTeam "Canada"]
[WhiteTeamCountry "USA"]
[BlackTeamCountry "CAN"]

1. Nf3 d5 2. d4 Nf6 3. e3 g6 4. Bd3 Bg7 5. 0-0 0-0 6. Nbd2 c5 7. c3 Nbd7 8. Ne5 cxd4 9. Nxd7 Bxd7 10. exd4 Qa5 11. Nb3 Qc7 12. Nc5 Bc6 13. a4 Nd7 14. Nxd7 Qxd7 15. Bf4 Rfc8 16. Re1 e6 17. h4 b5 18. Bc2 bxa4 19. Bxa4 a5 20. Bc2 a4 21. h5 Bf8 22. hxg6 hxg6 23. Qg4 Qe8 24. Bxg6 fxg6 25. Rxe6 Qd7 26. Rxg6+ Bg7 27. Qxd7 Bxd7 28. Be5 Kf7 29. Rxg7+ Ke8 30. Re1 Kd8 31. Bd6 1-0